Cruce de miradas sobre la biblioteca escolar /

Saved in:
書目詳細資料
其他作者: Badanelli Rubio, Ana (coordinador.), Mahamud Angulo, Kira (coordinador.)
格式: 電子書
語言:西班牙语
出版: Madrid : Ediciones Morata, 2025.
主題:
在線閱讀:https://elibro.unach.elogim.com/es/lc/unach/titulos/285401
標簽: 添加標簽
沒有標簽, 成為第一個標記此記錄!

MARC

LEADER 00000nam a2200000 i 4500
001 ELB285401
003 FINmELB
005 20250822122115.0
006 m o u
007 cr cn|||||||||
008 250822s2025 sp o 000 0 spa d
020 |a 9791387510039  |q (e-book) 
035 |a (OCoLC)1534154400 
040 |a FINmELB  |b spa  |e rda  |c FINmELB 
050 1 4 |a Z675.S3  |b C955 2025 
080 |a 027.8 
082 0 4 |a 027.8  |2 23 
245 0 0 |a Cruce de miradas sobre la biblioteca escolar /  |c Kira Mahamud Angulo [y otros 3] (coords.). 
264 1 |a Madrid :  |b Ediciones Morata,  |c 2025. 
300 |a 1 recurso en línea (371 páginas) 
336 |a texto  |b txt  |2 rdamedia/spa 
337 |a computadora  |b c  |2 rdamedia/spa 
338 |a recurso en línea  |b cr  |2 rdacarrier/spa 
588 |a Descripción basada en metadatos suministrados por el editor y otras fuentes. 
590 |a Recurso electrónico. Santa Fe, Arg.: elibro, 2024. Disponible vía World Wide Web. El acceso puede estar limitado para las bibliotecas afiliadas a elibro. 
650 4 |a Bibliotecas escolares. 
655 4 |a Libros electrónicos. 
700 1 |a Badanelli Rubio, Ana,  |e coordinador. 
700 1 |a Mahamud Angulo, Kira,  |e coordinador. 
797 2 |a elibro, Corp. 
856 4 0 |u https://elibro.unach.elogim.com/es/lc/unach/titulos/285401